[Event "Rzeszow Zelmer-ch"]
[Site "Rzeszow"]
[Date "2000.08.17"]
[Round "2.4"]
[White "Sendera, Jaroslaw"]
[Black "Zygo, Wladyslaw"]
[Result "1-0"]
[WhiteElo "2391"]
[BlackElo "2169"]
[PlyCount "77"]
[EventDate "2000.08.24"]
[EventType "tourn"]
[EventRounds "9"]
[EventCountry "POL"]
[EventCategory "1"]
[SourceTitle "EXT 2005"]
[Source "ChessBase"]
[SourceDate "2004.11.15"]
[SourceVersion "1"]
[SourceVersionDate "2004.11.15"]
[SourceQuality "1"]

1. e4 e5 2. Nf3 Nc6 3. Bb5 Bc5 4. 0-0 Nd4 5. b4 Nxf3+ 6. Qxf3 Bd4 7. c3 Bb6 8. Qg3 Qf6 9. Na3 c6 10. Be2 d6 11. Nc4 Ne7 12. d4 Ng6 13. Bg5 Qe6 14. f4 exf4 15. Bxf4 Nxf4 16. Qxf4 Bc7 17. Ne3 0-0 18. Bg4 Qe7 19. Bxc8 Raxc8 20. Rf3 Rce8 21. Nf5 Qe6 22. Rg3 g6 23. Qh6 Qf6 24. Rh3 Qh8 25. Qf4 Re6 26. Nh6+ Kg7 27. Rf1 f6 28. Rg3 b5 29. h4 Bb8 30. Qf5 Rfe8 31. h5 Kf8 32. hxg6 hxg6 33. Qxg6 Ke7 34. Nf5+ Kd7 35. Qf7+ R8e7 36. Nxe7 Rxe7 37. Qxf6 Qxf6 38. Rxf6 Bc7 39. Kf2 1-0